Fiscal sustainability - definition, indicators and assessment of Czech public finance sustainability

Salvato in:
Dettagli Bibliografici
Autore principale: Krejdl, Aleš
Natura: Libro
Lingua:inglese
Pubblicazione: Praha Czech National Bank 2006
Serie:Working paper series 3/2006
Soggetti:
Tags: Aggiungi Tag
Nessun Tag, puoi essere il primo ad aggiungerne!!

MARC

LEADER 00000nam$a2200000$$$4500
001 0054709
005 20240503084917.3
041 0 |a eng 
044 |a CZ 
245 1 0 |a Fiscal sustainability - definition, indicators and assessment of Czech public finance sustainability  |c Aleš Krejdl 
264 1 |a Praha  |b Czech National Bank  |c 2006 
300 |a 29 s. 
490 1 |a Working paper series  |v 3/2006 
830 0 |a Working paper series  |v 3/2006 
610 2 0 |a politika fiškálna 
610 2 0 |a starnutie populácie 
610 2 0 |a ukazovatele 
610 2 0 |a teória a prax 
610 2 0 |a dane 
610 2 0 |a modelovanie ekonometrické 
610 2 0 |a Česko 
610 2 0 |a 2006 
100 1 |a Krejdl, Aleš